Statistics for Municipalities of Kanagawa Prefecture

Click here to take the quiz!

General Stats

  • This quiz has been taken 163 times
  • The average score is 24 of 33

Answers on the Map

Answers color-coded by a green-red scale on the quiz's map according to % correct below.
 

Answer Stats

Answer% Correct
Yokohama 横浜
100%
Kawasaki 川崎
98%
Yokosuka 横須賀
95%
Hiratsuka 平塚
90%
Kamakura 鎌倉
90%
Fujisawa 藤沢
88%
Odawara 小田原
88%
Sagamihara 相模原
88%
Chigasaki 茅ヶ崎
83%
Miura 三浦
83%
Hakone 箱根
80%
Zushi 逗子
80%
Atsugi 厚木
78%
Ebina 海老名
78%
Yamato 大和
78%
Isehara 伊勢原
68%
Yugawara 湯河原
68%
Hayama 葉山
66%
Oi 大井
66%
Zama 座間
66%
Hadano 秦野
63%
Manazuru 真鶴
63%
Ninomiya 二宮
63%
Oiso 大磯
63%
Samukawa 寒川
61%
Ayase 綾瀬
59%
Matsuda 松田
59%
Minamiashigara 南足柄
54%
Kaisei 開成
51%
Kiyokawa 清川
49%
Yamakita 山北
49%
Aikawa 愛川
44%
Nakai 中井
41%

Score Distribution

Percentile by Number Answered

Percent of People with Each Score

Your Score History

You have not taken this quiz